On strongly n-regular and strongly regular rings /
محفوظ في:
| المؤلف الرئيسي: | |
|---|---|
| التنسيق: | أطروحة كتاب |
| اللغة: | English |
| منشور في: |
2000.
|
| الموضوعات: | |
| الوصول للمادة أونلاين: | http://studentsrepo.um.edu.my/id/eprint/1295 |
| الوسوم: |
إضافة وسم
لا توجد وسوم, كن أول من يضع وسما على هذه التسجيلة!
|
| LEADER | 00839cam a2200241 a 4500 | ||
|---|---|---|---|
| 001 | u483372 | ||
| 003 | SIRSI | ||
| 008 | 911205s2001 my at 00 1 eng m | ||
| 035 | |a ACP-6596 | ||
| 040 | |a UMM | ||
| 090 | |a QA3 |b UM 2001 Che | ||
| 100 | 1 | 0 | |a Chen, Huey Voon. |
| 245 | 1 | 0 | |a On strongly n-regular and strongly regular rings / |c Chen Huey Voon. |
| 260 | |c 2000. | ||
| 300 | |a v, 75 leaves : |b ill. ; |c 29 cm. | ||
| 502 | |a Dissertation (M.Sc.) -- Institut Sains Matematik, Fakulti Sains, Universiti Malaya, 2001. | ||
| 504 | |a Bibliography :leaves 73-75. | ||
| 650 | 0 | |a Algebraic topology. | |
| 710 | 2 | 0 | |a Universiti Malaya. |b Institut Sains Matematik. |
| 856 | 4 | 1 | |u http://studentsrepo.um.edu.my/id/eprint/1295 |
| 948 | |a 14/06/2001 |b 11/06/2002 | ||
| 596 | |a 1 | ||
| 999 | |a QA3 UM 2001 CHE |w LC |c 1 |i A510142571 |l STACKS |m P01UTAMA |r Y |s Y |t TESIS |u 1/8/2001 | ||
